NBA Legends by Picture #2 - Statistics

General Stats
  • This quiz has been taken 465 times
  • The average score is 13 of 16
Answer Stats
Picture Answer % Correct
Tim Duncan
99%
Dirk Nowitzki
98%
Dwyane Wade
98%
Scottie Pippen
96%
Kevin Garnett
95%
Karl Malone
93%
Reggie Miller
90%
David Robinson
87%
Jerry West
87%
Gary Payton
77%
Oscar Robertson
77%
Bill Walton
74%
Bob Pettit
69%
Chauncey Billups
64%
Chris Andersen
59%
John Havlicek
44%
No matching quizzes found
Score Distribution
Percent of People with Each Score
Percentile by Number Answered
Your Score History
You have not taken this quiz